000 00355nam a22001457a 4500
999 _c8149
_d8149
003 OSt
005 20200805135315.0
008 200805b ||||| |||| 00| 0 eng d
020 _a9788415123736
082 _a720.47
100 _aKrauel, Jacobo; Ferguson, Naomi
245 _aArchitecture for a green future
260 _aspain
_bLinks
_c2013
942 _2ddc